000 00712nam a2200217Ia 4500
003 GCL
008 140319s9999 xx 000 0 ara d
040 _aGCL /
_cGCL
082 0 4 _a338.9
_bس ت
100 1 _aسعد طه علام
245 1 0 _aالتنمية والدولة /
_cسعد طه علام
250 _aالاولى
260 _aالقاهرة :
_bدار طيبة للنشر ،
_c2003
300 _a212 ص ؛
_c25 سم
650 0 4 _aالتخطيط الاقتصادى
650 0 4 _aالتنمية الاقتصادية
650 0 4 _aالتخطيط الاجتماعى
650 0 4 _aالدول النامية - السياسة الاقتصادية
650 0 4 _aالعولمة
942 _2ddc
_cBK
999 _c5938
_d5938